[Event "SWE-chT 1617"]
[Site "Sweden"]
[Date "2017.03.26"]
[Round "9.2"]
[White "Nilsson, Sebastian"]
[Black "Vernersson, Per"]
[Result "1-0"]
[WhiteElo "2312"]
[BlackElo "2290"]
[PlyCount "61"]
[EventDate "2016.10.14"]
[EventType "team-tourn"]
[EventRounds "9"]
[EventCountry "SWE"]
[SourceTitle "CBM 177 Extra"]
[Source "ChessBase"]
[SourceDate "2017.04.27"]
[SourceVersion "1"]
[SourceVersionDate "2017.04.27"]
[SourceQuality "1"]
[WhiteTeam "Lunds"]
[BlackTeam "Eksjo"]
[WhiteTeamCountry "SWE"]
[BlackTeamCountry "SWE"]

1. e4 c6 2. d4 d5 3. Nc3 dxe4 4. Nxe4 Nd7 5. Ng5 Ngf6 6. Bd3 e6 7. N1f3 Bd6 8. Qe2 h6 9. Ne4 Nxe4 10. Qxe4 Qc7 11. 0-0 c5 12. Re1 Nf6 13. Qh4 Bd7 14. Bg5 Be7 15. dxc5 Qxc5 16. Ne5 Bc6 17. Qh3 Rf8 18. Bd2 a5 19. a3 a4 20. Bb4 Qd4 21. Bxe7 Kxe7 22. Ng6+ Kd7 23. Rad1 Qxb2 24. Bc4+ Kc7 25. Qg3+ e5 26. Rxe5 Kb6 27. Qe3+ Kc7 28. Re7+ Nd7 29. Nxf8 Rxf8 30. Rexd7+ Bxd7 31. Qc5+ 1-0

[Event "SWE-chT 1617"]
[Site "Sweden"]
[Date "2017.02.04"]
[Round "5.1"]
[White "Berggren Torell, Harald"]
[Black "Nilsson, Sebastian"]
[Result "0-1"]
[WhiteElo "2128"]
[BlackElo "2312"]
[PlyCount "60"]
[EventDate "2016.10.14"]
[EventType "team-tourn"]
[EventRounds "9"]
[EventCountry "SWE"]
[SourceTitle "CBM 177 Extra"]
[Source "ChessBase"]
[SourceDate "2017.04.27"]
[SourceVersion "1"]
[SourceVersionDate "2017.04.27"]
[SourceQuality "1"]
[WhiteTeam "Manhem"]
[BlackTeam "Lunds"]
[WhiteTeamCountry "SWE"]
[BlackTeamCountry "SWE"]

1. e4 c5 2. Nf3 d6 3. d4 cxd4 4. Nxd4 Nf6 5. Nc3 a6 6. Bg5 e6 7. f4 b5 8. e5 dxe5 9. fxe5 Qc7 10. exf6 Qe5+ 11. Be2 Qxg5 12. 0-0 Ra7 13. Kh1 Rd7 14. fxg7 Bxg7 15. Nf3 Rxd1 16. Nxg5 Rxa1 17. Rxa1 Ke7 18. Rf1 f5 19. Bd3 Nd7 20. Re1 Ne5 21. Bf1 Bb7 22. Ne2 h6 23. Nh3 Rd8 24. Nhf4 Rd2 25. c3 Rxb2 26. Nd4 Bc8 27. a3 Ra2 28. Nh5 Bh8 29. Re3 Rxa3 30. g4 fxg4 0-1

[Event "SWE-chT 1516"]
[Site "Sweden"]
[Date "2016.01.16"]
[Round "4.1"]
[White "Eklund, Joel"]
[Black "Nilsson, Sebastian"]
[Result "1/2-1/2"]
[WhiteElo "2212"]
[BlackElo "2314"]
[PlyCount "47"]
[EventDate "2015.11.06"]
[EventType "team-tourn"]
[EventRounds "9"]
[EventCountry "SWE"]
[SourceTitle "CBM 170 Extra"]
[Source "ChessBase"]
[SourceDate "2016.02.25"]
[SourceVersion "1"]
[SourceVersionDate "2016.02.25"]
[SourceQuality "1"]
[WhiteTeam "Limhamn"]
[BlackTeam "Lunds"]
[WhiteTeamCountry "SWE"]
[BlackTeamCountry "SWE"]

1. d4 d5 2. Bg5 h6 3. Bh4 c6 4. e3 Qb6 5. Qc1 e5 6. Nf3 exd4 7. exd4 Be7 8. Bxe7 Nxe7 9. Bd3 Bf5 10. Bxf5 Nxf5 11. c3 0-0 12. 0-0 Qc7 13. Qc2 Nd6 14. Nbd2 Nd7 15. Rfe1 Rfe8 16. Ne5 Re7 17. Re3 Rae8 18. Rae1 Nf8 19. Qd3 f6 20. Nef3 Kf7 21. g3 Rxe3 22. Rxe3 Rxe3 23. Qxe3 Qe7 24. Qxe7+ 1/2-1/2

[Event "SWE-chT 1415 Elite"]
[Site "Sweden"]
[Date "2015.03.21"]
[Round "8.1"]
[White "Lokander, Martin"]
[Black "Nilsson, Sebastian"]
[Result "1/2-1/2"]
[WhiteElo "2365"]
[BlackElo "2321"]
[PlyCount "70"]
[EventDate "2014.11.21"]
[EventType "team-tourn"]
[EventRounds "9"]
[EventCountry "SWE"]
[SourceTitle "EXT 2016"]
[Source "ChessBase"]
[SourceDate "2015.10.08"]
[SourceVersion "1"]
[SourceVersionDate "2015.10.08"]
[SourceQuality "1"]
[WhiteTeam "Stockholm Rockaden"]
[BlackTeam "Lunds"]
[WhiteTeamCountry "SWE"]
[BlackTeamCountry "SWE"]

1. d4 Nf6 2. Bg5 e6 3. e4 h6 4. Bxf6 Qxf6 5. c3 d5 6. Nd2 c5 7. Ngf3 Nc6 8. Bb5 cxd4 9. Nxd4 Bc5 10. N4f3 0-0 11. 0-0 a6 12. Ba4 Ba7 13. Qe2 Bd7 14. Rad1 Rad8 15. Bc2 dxe4 16. Nxe4 Qe7 17. Nd6 Bc8 18. Nxc8 Rxc8 19. Rd3 Rfd8 20. Rfd1 g6 21. Ba4 b5 22. Bc2 Qc7 23. h4 h5 24. a4 Qb7 25. axb5 axb5 26. Ng5 Rxd3 27. Rxd3 Qc7 28. Ne4 Ne5 29. Rg3 Ng4 30. Rxg4 hxg4 31. Qxg4 Qe5 32. h5 Kg7 33. hxg6 fxg6 34. Qh4 Bc5 35. g3 Rh8 1/2-1/2

[Event "SWE-chT 1415 Elite"]
[Site "Sweden"]
[Date "2015.01.17"]
[Round "4"]
[White "Gustafsson, Fredrik"]
[Black "Nilsson, Sebastian"]
[Result "1-0"]
[WhiteElo "2166"]
[BlackElo "2321"]
[PlyCount "57"]
[EventDate "2014.11.21"]
[EventType "team-tourn"]
[EventRounds "9"]
[EventCountry "SWE"]
[SourceTitle "EXT 2016"]
[Source "ChessBase"]
[SourceDate "2015.10.08"]
[SourceVersion "1"]
[SourceVersionDate "2015.10.08"]
[SourceQuality "1"]
[WhiteTeam "Eksjo"]
[BlackTeam "Lunds"]
[WhiteTeamCountry "SWE"]
[BlackTeamCountry "SWE"]

1. e4 c5 2. Nc3 a6 3. g3 b5 4. Bg2 Bb7 5. d3 e6 6. Nf3 d6 7. 0-0 Nf6 8. Qe2 Nc6 9. Be3 Qc7 10. Nh4 Be7 11. f4 0-0 12. g4 b4 13. Nd1 Nd4 14. Bxd4 cxd4 15. g5 Nd7 16. Rf2 Rfc8 17. Bh3 d5 18. e5 a5 19. Rg2 Ra6 20. Nf3 Bc5 21. Nf2 Rc6 22. Ng4 Nf8 23. Rf1 Ng6 24. Ne1 Nh4 25. Rg3 Nf5 26. Nf6+ Kf8 27. Bxf5 exf5 28. Qh5 g6 29. Qh6+ 1-0

[Event "SWE-chT 1314"]
[Site "Sweden"]
[Date "2014.02.02"]
[Round "6.2"]
[White "Nilsson, Sebastian"]
[Black "De Verdier, Michael Carl Adam"]
[Result "1/2-1/2"]
[WhiteElo "2333"]
[BlackElo "2371"]
[PlyCount "64"]
[EventDate "2013.11.22"]
[EventType "team-tourn"]
[EventRounds "9"]
[EventCountry "SWE"]
[SourceTitle "EXT 2015"]
[Source "ChessBase"]
[SourceDate "2014.11.20"]
[SourceVersion "1"]
[SourceVersionDate "2014.11.20"]
[SourceQuality "1"]
[WhiteTeam "Lunds"]
[BlackTeam "Eksjo"]
[WhiteTeamCountry "SWE"]
[BlackTeamCountry "SWE"]

1. e4 Nf6 2. e5 Nd5 3. d4 d6 4. Nf3 Bg4 5. Be2 e6 6. c4 Nb6 7. exd6 cxd6 8. Nc3 Be7 9. Be3 0-0 10. 0-0 Nc6 11. d5 exd5 12. Nxd5 Nxd5 13. Qxd5 Be6 14. Qd2 d5 15. c5 Rc8 16. Rfd1 d4 17. Nxd4 Nxd4 18. Qxd4 Qxd4 19. Bxd4 Bxc5 20. Bxc5 Rxc5 21. Rac1 Rxc1 22. Rxc1 Bxa2 23. Ra1 Bd5 24. Rxa7 Rc8 25. f3 g6 26. Ra5 Rc1+ 27. Kf2 Bc6 28. b4 Rb1 29. b5 b6 30. Ra6 Bxb5 31. Rxb6 Bd3 32. Rxb1 Bxb1 1/2-1/2

[Event "SWE-chT 1314"]
[Site "Sweden"]
[Date "2013.11.23"]
[Round "2.2"]
[White "Glimbrant, Torbjorn"]
[Black "Nilsson, Sebastian"]
[Result "1/2-1/2"]
[WhiteElo "2271"]
[BlackElo "2333"]
[PlyCount "34"]
[EventDate "2013.11.22"]
[EventType "team-tourn"]
[EventRounds "9"]
[EventCountry "SWE"]
[SourceTitle "CBM 157 Extra"]
[Source "ChessBase"]
[SourceDate "2013.12.19"]
[SourceVersion "1"]
[SourceVersionDate "2013.12.19"]
[SourceQuality "1"]
[WhiteTeam "Upsala"]
[BlackTeam "Lunds"]
[WhiteTeamCountry "SWE"]
[BlackTeamCountry "SWE"]

1. d4 Nf6 2. c4 g6 3. g3 Bg7 4. Bg2 0-0 5. Nc3 d6 6. Nf3 Nbd7 7. 0-0 e5 8. e4 a6 9. dxe5 Nxe5 10. Nxe5 dxe5 11. b3 Be6 12. Ba3 Re8 13. Qxd8 Raxd8 14. Nd5 Rd7 15. Rfd1 c6 16. Nxf6+ Bxf6 17. Rxd7 Bxd7 1/2-1/2

[Event "SWE-chT 1314"]
[Site "Sweden"]
[Date "2013.11.22"]
[Round "1.2"]
[White "Nilsson, Sebastian"]
[Black "Brustkern, Juergen"]
[Result "1-0"]
[WhiteElo "2333"]
[BlackElo "2263"]
[PlyCount "115"]
[EventDate "2013.11.22"]
[EventType "team-tourn"]
[EventRounds "9"]
[EventCountry "SWE"]
[SourceTitle "CBM 157 Extra"]
[Source "ChessBase"]
[SourceDate "2013.12.19"]
[SourceVersion "1"]
[SourceVersionDate "2013.12.19"]
[SourceQuality "1"]
[WhiteTeam "Lunds"]
[BlackTeam "Vasteras"]
[WhiteTeamCountry "SWE"]
[BlackTeamCountry "SWE"]

1. e4 g6 2. d4 Bg7 3. Nc3 d5 4. exd5 Nf6 5. Bc4 Nbd7 6. Bg5 Nb6 7. Bxf6 Bxf6 8. Bb3 a5 9. a4 Bg7 10. Nge2 0-0 11. 0-0 c6 12. dxc6 bxc6 13. Ne4 Ba6 14. c3 Rb8 15. Nc5 Bc4 16. Bxc4 Nxc4 17. b3 Nd6 18. Qc2 Re8 19. Rad1 e6 20. Nc1 Nf5 21. Qe4 Ne7 22. N1d3 Nd5 23. Rc1 Qd6 24. Ne5 f5 25. Qe2 Bxe5 26. Qxe5 Qxe5 27. dxe5 Nf4 28. Rc2 Kf7 29. g3 Nd5 30. c4 Nb4 31. Rd2 Re7 32. Rfd1 Rb6 33. Rd8 Na6 34. Nxa6 Rxa6 35. Rb8 Raa7 36. Kf1 g5 37. Ke2 Rab7 38. Rdd8 Kg6 39. Kd3 g4 40. Kc3 f4 41. Rxb7 Rxb7 42. Rf8 fxg3 43. hxg3 c5 44. Rf6+ Kg7 45. Rxe6 Rf7 46. Kd3 Rxf2 47. Rc6 Rf3+ 48. Ke4 Rxg3 49. Kf4 Rxb3 50. Kxg4 Rb4 51. Rxc5 Rxa4 52. Kf5 Ra1 53. Rc7+ Kg8 54. e6 Re1 55. Ra7 h5 56. c5 Rc1 57. Ra8+ Kg7 58. e7 1-0

[Event "DEN-chT 1314 52nd"]
[Site "Denmark"]
[Date "2013.11.03"]
[Round "2.2"]
[White "Nilsson, Sebastian"]
[Black "Palo, Davor"]
[Result "0-1"]
[WhiteElo "2333"]
[BlackElo "2553"]
[PlyCount "24"]
[EventDate "2013.11.02"]
[EventType "team-tourn"]
[EventRounds "9"]
[EventCountry "DEN"]
[SourceTitle "EXT 2015"]
[Source "ChessBase"]
[SourceDate "2014.11.20"]
[SourceVersion "1"]
[SourceVersionDate "2014.11.20"]
[SourceQuality "1"]
[WhiteTeam "Valby K41"]
[BlackTeam "Nordea"]
[WhiteTeamCountry "DEN"]
[BlackTeamCountry "DEN"]

1. e4 c6 2. d4 d5 3. Nc3 dxe4 4. Nxe4 Nd7 5. Ng5 Ngf6 6. Bd3 e6 7. N1f3 Bd6 8. Qe2 h6 9. Ne4 Nxe4 10. Qxe4 Nf6 11. Qe2 Qc7 12. Bd2 b6 0-1

[Event "Cappelle op 29th"]
[Site "Cappelle la Grande"]
[Date "2013.02.26"]
[Round "5"]
[White "Nilsson, Sebastian"]
[Black "Nabaty, Tamir"]
[Result "1/2-1/2"]
[WhiteElo "2330"]
[BlackElo "2573"]
[PlyCount "41"]
[EventDate "2013.02.23"]
[EventType "swiss"]
[EventRounds "9"]
[EventCountry "FRA"]
[SourceTitle "CBM 153 Extra"]
[Source "ChessBase"]
[SourceDate "2013.04.22"]
[SourceVersion "1"]
[SourceVersionDate "2013.04.22"]
[SourceQuality "1"]

1. e4 c5 2. Nf3 Nc6 3. d4 cxd4 4. Nxd4 Nf6 5. Nc3 d6 6. Bc4 Na5 7. Bb3 e5 8. Nde2 Be7 9. Bg5 0-0 10. 0-0 Be6 11. Qd3 Rc8 12. Rfd1 Nc4 13. Rab1 Qa5 14. Bxf6 Bxf6 15. Nd5 Bxd5 16. Qxd5 Qxd5 17. Rxd5 Be7 18. Rd3 Rc5 19. Nc3 Rfc8 20. Nd5 Kf8 21. c3 1/2-1/2

[Event "Cappelle op 29th"]
[Site "Cappelle la Grande"]
[Date "2013.02.23"]
[Round "1"]
[White "Nilsson, Sebastian"]
[Black "Petkov, Vladimir"]
[Result "0-1"]
[WhiteElo "2330"]
[BlackElo "2559"]
[PlyCount "76"]
[EventDate "2013.02.23"]
[EventType "swiss"]
[EventRounds "9"]
[EventCountry "FRA"]
[SourceTitle "CBM 153 Extra"]
[Source "ChessBase"]
[SourceDate "2013.04.22"]
[SourceVersion "1"]
[SourceVersionDate "2013.04.22"]
[SourceQuality "1"]

1. e4 e5 2. Nf3 Nc6 3. Nc3 Nf6 4. d4 exd4 5. Nxd4 Bb4 6. Nxc6 bxc6 7. Bd3 d5 8. exd5 cxd5 9. 0-0 0-0 10. h3 c6 11. Qf3 Bd6 12. Bf4 Rb8 13. b3 Qc7 14. Ne2 Re8 15. Bxd6 Qxd6 16. Qg3 Qxg3 17. Nxg3 a5 18. Rfe1 Be6 19. Re2 c5 20. Rae1 g6 21. Re3 a4 22. f4 c4 23. bxc4 dxc4 24. Be4 Rb2 25. a3 Kf8 26. Bc6 Rc8 27. Bxa4 Nd5 28. Re5 Nc3 29. Ra5 Nxa4 30. Rxa4 Rxc2 31. Nf1 c3 32. Ne3 Rd2 33. Kf1 c2 34. Rc1 Bb3 35. Ke1 Rcd8 36. Ra8 Rd1+ 37. Nxd1 cxd1Q+ 38. Rxd1 Rxa8 0-1

[Event "SWE-chT 1213"]
[Site "Sweden"]
[Date "2013.02.01"]
[Round "6"]
[White "Nilsson, Sebastian"]
[Black "Fransson, Patrick"]
[Result "1-0"]
[WhiteElo "2330"]
[BlackElo "2218"]
[PlyCount "63"]
[EventDate "2012.10.05"]
[EventType "team-tourn"]
[EventRounds "9"]
[EventCountry "SWE"]
[SourceTitle "EXT 2014"]
[Source "ChessBase"]
[SourceDate "2013.11.20"]
[SourceVersion "1"]
[SourceVersionDate "2013.11.20"]
[SourceQuality "1"]
[WhiteTeam "LASK"]
[BlackTeam "Orgryte"]
[WhiteTeamCountry "SWE"]
[BlackTeamCountry "SWE"]

1. e4 e6 2. d4 d5 3. Nc3 Bb4 4. e5 c5 5. a3 Bxc3+ 6. bxc3 Qc7 7. Qg4 f5 8. Qg3 Nc6 9. Nf3 cxd4 10. cxd4 Nge7 11. Bd2 0-0 12. Bd3 Bd7 13. 0-0 Ng6 14. h4 Na5 15. Rfb1 Nc4 16. Bb4 Rfe8 17. a4 a6 18. Bd6 Nxd6 19. exd6 Qc8 20. h5 Nh8 21. h6 Ng6 22. Ne5 Bc6 23. Be2 Rf8 24. Bh5 Rf6 25. Bxg6 hxg6 26. Nxg6 Rxg6 27. Qxg6 Qd7 28. Ra3 Rf8 29. Rg3 Rf7 30. a5 Qe8 31. hxg7 Qd7 32. Qh6 1-0

[Event "DEN-chT 1213"]
[Site "Denmark"]
[Date "2012.10.28"]
[Round "2.2"]
[White "Nilsson, Sebastian"]
[Black "Sloth, Jorn"]
[Result "1/2-1/2"]
[WhiteElo "2330"]
[BlackElo "2340"]
[PlyCount "29"]
[EventDate "2012.10.27"]
[EventType "team-tourn"]
[EventRounds "9"]
[EventCountry "DEN"]
[SourceTitle "EXT 2014"]
[Source "ChessBase"]
[SourceDate "2013.11.20"]
[SourceVersion "1"]
[SourceVersionDate "2013.11.20"]
[SourceQuality "1"]
[WhiteTeam "Valby K41"]
[BlackTeam "Nordre"]
[WhiteTeamCountry "DEN"]
[BlackTeamCountry "DEN"]

1. e4 e6 2. d4 d5 3. Nc3 Nf6 4. Bg5 dxe4 5. Nxe4 Be7 6. Bxf6 gxf6 7. Qd3 Nc6 8. Nf3 b6 9. Nc3 Bb7 10. 0-0-0 Nb4 11. Qb5+ c6 12. Qh5 Qc7 13. Kb1 h6 14. Ne4 Nd5 15. g3 1/2-1/2

[Event "SWE-chT 1112"]
[Site "Sweden"]
[Date "2012.03.10"]
[Round "8"]
[White "Wiedenkeller, Michael"]
[Black "Nilsson, Sebastian"]
[Result "1-0"]
[WhiteElo "2473"]
[BlackElo "2362"]
[PlyCount "71"]
[EventDate "2011.10.07"]
[EventType "team-tourn"]
[EventRounds "9"]
[EventCountry "SWE"]
[SourceTitle "EXT 2013"]
[Source "ChessBase"]
[SourceDate "2012.11.22"]
[SourceVersion "1"]
[SourceVersionDate "2012.11.22"]
[SourceQuality "1"]
[WhiteTeam "Umea Rockaden"]
[BlackTeam "LASK"]
[WhiteTeamCountry "SWE"]
[BlackTeamCountry "SWE"]

1. c4 Nf6 2. g3 g6 3. Bg2 Bg7 4. Nc3 0-0 5. e4 c5 6. Nge2 Nc6 7. 0-0 Ne8 8. d3 Nc7 9. a3 Ne6 10. Rb1 a5 11. Bd2 Rb8 12. Nb5 b6 13. f4 Ned4 14. e5 d6 15. Nexd4 Nxd4 16. Nxd4 cxd4 17. Re1 Bb7 18. Bxb7 Rxb7 19. Qf3 Rb8 20. b4 axb4 21. exd6 exd6 22. Bxb4 b5 23. Qd5 bxc4 24. dxc4 Rb6 25. Re4 Qa8 26. Rbe1 h5 27. Qxa8 Rxa8 28. Re8+ Rxe8 29. Rxe8+ Kh7 30. Rc8 d3 31. Kf2 Bd4+ 32. Kf3 Bb2 33. Ke3 Ra6 34. Kxd3 Bxa3 35. Bc3 g5 36. f5 1-0

[Event "DEN-chT 1112 50th"]
[Site "Denmark"]
[Date "2012.01.15"]
[Round "5.4"]
[White "Nilsson, Sebastian"]
[Black "Kristensen, Leif"]
[Result "1-0"]
[WhiteElo "2362"]
[BlackElo "2301"]
[PlyCount "53"]
[EventDate "2011.10.29"]
[EventType "team-tourn"]
[EventRounds "9"]
[EventCountry "DEN"]
[SourceTitle "EXT 2013"]
[Source "ChessBase"]
[SourceDate "2012.11.22"]
[SourceVersion "1"]
[SourceVersionDate "2012.11.22"]
[SourceQuality "1"]
[WhiteTeam "Valby K41"]
[BlackTeam "Nordea"]
[WhiteTeamCountry "DEN"]
[BlackTeamCountry "DEN"]

1. e4 d5 2. exd5 Qxd5 3. Nc3 Qa5 4. d4 Nf6 5. Nf3 Bf5 6. Bc4 c6 7. Bd2 e6 8. Nd5 Qd8 9. Nxf6+ gxf6 10. Bb3 Nd7 11. Qe2 Qc7 12. Nh4 Bg6 13. 0-0-0 0-0-0 14. g3 Nb6 15. Bf4 Bd6 16. Bh6 Bf8 17. Bxf8 Rhxf8 18. Ng2 c5 19. dxc5 Qxc5 20. h4 h5 21. Nf4 Rxd1+ 22. Rxd1 e5 23. Nxg6 fxg6 24. Qd3 a5 25. Bf7 f5 26. Bxg6 Qxf2 27. Qd6 1-0

[Event "DEN-chT 1112 50th"]
[Site "Denmark"]
[Date "2011.12.04"]
[Round "3.3"]
[White "Nilsson, Sebastian"]
[Black "Skytte, Rasmus"]
[Result "1/2-1/2"]
[WhiteElo "2362"]
[BlackElo "2388"]
[PlyCount "46"]
[EventDate "2011.10.29"]
[EventType "team-tourn"]
[EventRounds "9"]
[EventCountry "DEN"]
[SourceTitle "EXT 2013"]
[Source "ChessBase"]
[SourceDate "2012.11.22"]
[SourceVersion "1"]
[SourceVersionDate "2012.11.22"]
[SourceQuality "1"]
[WhiteTeam "Valby K41"]
[BlackTeam "Aarhus/Skolerne"]
[WhiteTeamCountry "DEN"]
[BlackTeamCountry "DEN"]

1. e4 e5 2. Nf3 d6 3. d4 Nd7 4. Nc3 Ngf6 5. Bc4 Be7 6. 0-0 c6 7. a4 h6 8. Re1 Qc7 9. Ba2 g5 10. Qd3 Rh7 11. Be3 Nh5 12. a5 Nf4 13. Qc4 Nf6 14. dxe5 dxe5 15. Nd5 N6xd5 16. exd5 Nxd5 17. Qd3 Rg7 18. Bxd5 cxd5 19. Qxd5 f6 20. Nd2 Qc6 21. Qxc6+ bxc6 22. Nb3 Bf5 23. Re2 Be6 1/2-1/2